000 00484nam a2200205Ia 4500
003 LK-CoDNM
005 20241202115435.0
008 010623t1970 xxu||||| |||| 00| 1 sin d
040 _aLK-CoDNM
_dLK-CoDNM
_eLK-CoDNM
041 _asin
080 _a294.34
_bKUM
100 _aKumaragama, Nimal.
245 _aබෞද්ධා ලෝකය
246 _aBauddha Lookaya
260 _c1970
300 _b22p. ; 18 cm
650 _a1970
650 _aBuddhism
942 _cBK
999 _c108268
_d108268